Economics methods (Record no. 61512)

MARC details
000 -LEADER
fixed length control field 00297nam a2200133Ia 4500
008 - FIXED-LENGTH DATA ELEMENTS--GENERAL INFORMATION
fixed length control field 230917s9999||||xx |||||||||||||| ||und||
040 ## - CATALOGING SOURCE
-- 132154
Original cataloging agency VIVEKANANDA LIBRARY
041 ## - Language
-- English
082 ## - DDC NUMBER
Classification number 330.1543 J641E
100 ## - MAIN ENTRY--PERSONAL NAME
Personal name Johnston.J
245 #0 - TITLE STATEMENT
Title Economics methods
300 ## - PHYSICAL DESCRIPTION
Pages 568p. p.
942 ## - ADDED ENTRY ELEMENTS (KOHA)
Koha item type Books
Holdings
Withdrawn status Lost status Damaged status Not for loan Location (home branch) Sublocation or collection (holding branch) Date acquired Koha issues (times borrowed) Koha full call number Accession No. Koha date last seen Koha item type
        VIVEKANANDA LIBRARY VIVEKANANDA LIBRARY 05/02/2010   330.1543 J641E 132743 17/09/2023 Books
© Designed and Maintained by Vivekananda Library, MDU Rohtak